Statistics for Countries with Most Facebook Users

Click here to take the quiz!

General Stats

  • This quiz has been taken 426 times
  • The average score is 8 of 10

Answer Stats

#Number of Users (Thousands)Country% Correct
1157,348United States
100%
924,348France
96%
1023,553Germany
96%
247,011Brazil
90%
630,945United Kingdom
90%
345,826India
88%
533,174Mexico
85%
442,272Indonesia
69%
730,678Turkey
50%
827,088Philippines
44%

Score Distribution

Percentile by Number Answered

Percent of People with Each Score

Your Score History

You have not taken this quiz